Vista normal Vista MARC

Entrada Topical Term

Número de registros utilizados en: 1

001 - CONTROL NUMBER

  • control field: 36882

003 - CONTROL NUMBER IDENTIFIER

  • control field: OSt

005 - DATE AND TIME OF LATEST TRANSACTION

  • control field: 20210415121616.0

008 - FIXED-LENGTH DATA ELEMENTS

  • fixed length control field: 210415|| aca||aabn | a|a d

040 ## - CATALOGING SOURCE

  • Original cataloging agency: OSt
  • Transcribing agency: OSt

150 ## - HEADING--TOPICAL TERM

  • Topical term or geographic name entry element: fiscal
  • Form subdivision: Comentarios
  • General subdivision: Legislación
  • Chronological subdivision: 1998
  • Geographic subdivision: Colombia

670 ## - SOURCE DATA FOUND

  • Source citation: Work cat.: (OSt)7621: Badillo Melgarejo, Camilo, 14965 autor, Reforma tributaria 1998 /, 1998